00363nam a2200157Ia 4500001000500000005001700005008004100022041000800063082001500071100002600086245004000112260000900152300002800161650000800189654000800197868420260306160628.0260306t2007||||xx |||||||||||||| ||spa|| aESP a371.3bB72 aBolivar, AntonioeAUT 0aPrácticas eficaces de enseñanza c2007 a191 páginas :c24 cm. aGEN aCED